| 000 | 00532nam a22002177a 4500 | ||
|---|---|---|---|
| 005 | 20250219191821.0 | ||
| 008 | 220405b1999 xxu||||| |||| 00| 0 spa d | ||
| 020 | _a9588017327 | ||
| 041 | _aESP | ||
| 082 | _aR 659.103 P964d | ||
| 100 | _aPoenza Segura, Rafael | ||
| 245 | _aDiccionario de publicidad y diseño gráfico | ||
| 260 | _aColombia | ||
| 260 | _b3R Editores | ||
| 260 | _c1999 | ||
| 300 | _a484 páginas | ||
| 650 | _aDICCIONARIOS | ||
| 650 | _aPUBLICIDAD | ||
| 650 | _aDISEÑO GRÁFICO | ||
| 942 |
_cREF _2ddc |
||
| 999 |
_c13330 _d13330 |
||